000 00685cab a2200241 4500
001 ABS56522
008 090401t1997 xxu||||| |||| 00| 0 eng d
035 _a(Sirsi) u24259
041 _aeng
100 _aAldridge, T.
245 _aCommonhold: commercial opportunities
260 _c1997
350 _a0
490 _aSolicitors` Journal
_v141(1) 10 January 1997, 16(1)
520 _aExamines the opportunities for commonhold to be applied to commercial property.
650 _aPROPERTY-COMMERCIAL PROPERTY
650 _aCOMMONHOLD
650 _aINDUSTRIAL PROPERTY
650 _aMIXED USE
690 _aPROPERTY LAW AND PRACTICE
942 _n0
948 _c04/03/1997
999 _c16257
_d16257